Técnica de la iluminación eléctrica / (Record no. 153875)

MARC details
000 -LEADER
campo de control de longitud fija 00906nam a2200241 i 4500
001 - NÚMERO DE CONTROL
campo de control 153875
003 - IDENTIFICADOR DE NÚMERO DE CONTROL
campo de control ES-MaACL
005 - FECHA Y HORA DE LA ÚLTIMA TRANSACCIÓN
campo de control 20230906205420.0
008 - DATOS DE LONGITUD FIJA--INFORMACIÓN GENERAL
campo de control de longitud fija 190122s1958 sp |||| | spa d
100 1# - ENTRADA PRINCIPAL--NOMBRE DE PERSONA
Nombre de persona Richter, Alfred.
9 (RLIN) 166032
245 10 - MENCIÓN DEL TÍTULO
Título Técnica de la iluminación eléctrica /
Mención de responsabilidad, etc. por Alfred Richter ; traducción ampliada de la tercera edición alemana por Estanislao Rodríguez ; revisada, ampliada y puesta al día por B.D. Aloy Fló.
250 ## - MENCION DE EDICION
Mención de edición 4ª ed.
260 ## - PUBLICACIÓN, DISTRIBUCIÓN, ETC.
Lugar de publicación, distribución, etc. Barcelona :
Nombre del editor, distribuidor, etc. Labor,
Fecha de publicación, distribución, etc. 1958.
300 ## - DESCRIPCIÓN FÍSICA
Extensión XII, 393 p. :
Otras características físicas il. ;
Dimensiones 24 cm.
490 1# - MENCIÓN DE SERIE
Mención de serie La escuela del técnico electricista ;
Designación de volumen o secuencia 9
504 ## - NOTA DE BIBLIOGRAFÍA, ETC.
Nota de bibliografía, etc. Bibliografía: p. [387]. Índice.
650 04 - PUNTO DE ACCESO ADICIONAL DE MATERIA--TÉRMINO DE MATERIA
Término de materia o nombre geográfico como elemento de entrada Luminotecnia.
9 (RLIN) 14715
650 #4 - PUNTO DE ACCESO ADICIONAL DE MATERIA--TÉRMINO DE MATERIA
Término de materia o nombre geográfico como elemento de entrada Fotometría.
9 (RLIN) 166033
700 0# - ENTRADA AGREGADA--NOMBRE PERSONAL
Nombre de persona Aloy y Flo, David B.
9 (RLIN) 20455
830 0# - PUNTO DE ACCESO ADICIONAL DE SERIE-TÍTULO UNIFORME
Título uniforme La escuela del técnico electricista ;
Designación de volumen o secuencia 9
9 (RLIN) 187813
852 ## - LOCALIZACIÓN
Ubicación ES-MaACL
Número de control de estantería P-317-5
Holdings
Estatus retirado Estado de pérdida Estado de daño No para préstamo Biblioteca de origen Biblioteca actual Ubicación en estantería Fecha de adquisición Fuente de adquisición Total de préstamos Signatura topográfica completa Código de barras Visto por última vez Precio de reemplazo Tipo de ítem Koha
        Biblioteca del Ateneo de Madrid Biblioteca del Ateneo de Madrid Depósito 2 22/01/2019     P-317-5 1199680 23/02/2023 23/02/2023 Libro impreso